000 00211 a2200097 4500
001 28855
100 _aWalker, J R
245 _aIndustrial Arts Drafting
260 _a
_bGoodheart
_c1964
090 _c19301
_d19301
942 _aNUST-CAE
_cM
_c10338
999 _c263928
_d263928